Реформа налогообложения доходов населения в России: взносы в социальные внебюджетные фонды; Инновационные технологии и экономика в машиностроении

Bibliografische gegevens
Parent link:Инновационные технологии и экономика в машиностроении.— 2010.— С. 335-338
Hoofdauteur: Вазим А. А. Андрей Александрович
Taal:Russisch
Gepubliceerd in: 2010
Onderwerpen:
Formaat: Hoofdstuk
KOHA link:https://koha.lib.tpu.ru/cgi-bin/koha/opac-detail.pl?biblionumber=189575

MARC

LEADER 00000naa2a2200000 4500
001 189575
005 20231031175333.0
035 |a (RuTPU)RU\TPU\book\206228 
090 |a 189575 
100 |a 20101227d2010 k y0rusy50 ca 
101 0 |a rus 
102 |a RU 
200 1 |a Реформа налогообложения доходов населения в России: взносы в социальные внебюджетные фонды  |f А. А. Вазим 
463 0 |0 (RuTPU)RU\TPU\book\199146  |y 978-5-98298-642-9  |t Инновационные технологии и экономика в машиностроении  |o сборник трудов Международной научно-практической конференции с элементами научной школы для молодых ученых, 20-21 мая 2010 г. г. Юрга  |f Национальный исследовательский Томский политехнический университет (ТПУ), Юргинский технологический институт (ЮТИ); под ред. Д. А. Чинахова  |v С. 335-338  |d 2010  |p 577 с. 
610 1 |a налогообложение 
610 1 |a население 
610 1 |a доходы 
610 1 |a взносы 
610 1 |a внебюджетные фонды 
610 1 |a платежи 
610 1 |a единый социальный налог 
610 1 |a труды учёных ТПУ 
700 1 |a Вазим  |b А. А.  |c российский экономист  |c доцент Томского политехнического университета, кандидат экономических наук  |f 1971-  |g Андрей Александрович  |2 stltpush  |3 (RuTPU)RU\TPU\pers\24264 
801 1 |a RU  |b 63413507  |c 20101227 
942 |c BK